The Lord of the Rings General Knowledge - Statistics

General Stats
  • This quiz has been taken 637 times
    332 since last reset
  • The average score is 17 of 20
Answer Stats
Hint Answer % Correct
Who is the Ring Bearer? Frodo Baggins
100%
Name one character who dies. Boromir/Theoden/Gollum/Haldir/Lurtz/Saruman/Grima Wormtongue
99%
What is the Elf's name who is a member of the Fellowship of the Ring? Legolas
99%
What is the name of the second movie? The Two Towers
99%
How many rings of power were given the the Dwarf Lords? 7
97%
Apart from Gandalf who is the other wizard in the films? Saruman
97%
What creature rescues Gandalf from the top of Saurmans tower? Eagle
92%
In which kingdom in Aragorn king of at the end of the films? Gondor
90%
Who is the last character on screen in the last film? Samwise Gamgee
89%
What Mines do the Fellowship pass through in the first film? Moria
88%
What was Gollums name before he became Gollum? Smeagol
88%
Name one Elven home in Middle Earth. Rivendell/Lothlorien/Mirkwood
87%
Which birthday is Bilbo celebrating at the star of the trilogy? 111
84%
Which actor plays Frodo Baggins? Elijah Wood
84%
Where is the only place in which the one ring can be destroyed? Mount Doom
84%
Who is the king of Rohan throughout the Two Towers and Return of the King? Theoden
84%
Who cut the ring from Saurons hand? Isildur
81%
Who is the Steward of Gondor in the Return of the King? Denethor
72%
What is the leader of the Ringwraith called? Witch-King
68%
What is Merry's last name? Brandybuck
66%
No matching quizzes found
Score Distribution
Percent of People with Each Score
Percentile by Number Answered
Your Score History
You have not taken this quiz since the last reset